00572nam a22002177a 450000500170000001000130001702000110003003500130004103700160005404000120007008200150008210000270009724500570012425000120018126000340019327000420022730000240026950000220029365000200031565000190033520170124110000.0 aA-794405 c150.00 aA-794405 bCen Lib/Ret aDPLbEN a363.3bGOY aGoyal, Vikram Chandra  aPower of ethical policing /cby Vikram Chandra Goel  a2nd ed. aAllahabadbKitab Mahal c1995 a84 KP, Kakar Road bAllahabade211003 avi, 132p.c20cm(Hb) aIncludes appendix aLegal Policing  aControl crime